| 000 | 01349 a2200241 4500 | ||
|---|---|---|---|
| 003 | Nust | ||
| 005 | 20221115122901.0 | ||
| 020 | _a0-07-014479-6 | ||
| 020 | _a978-0-07-014479-8 | ||
| 035 | _aDAW20907123 | ||
| 040 | _cNust | ||
| 082 | 0 | 4 | _a621.367,JAY |
| 100 | 1 |
_aJayaraman, Subramania. _9102633 |
|
| 245 | 1 | 0 |
_aDigital image processing /(Include CD) _cS. Jayaraman, S. Esakkirajan, T. Veerakumar. |
| 260 |
_aNew Delhi ; _aLondon : _bTata McGraw-Hill Education, _cc2009. |
||
| 300 |
_axvii, 723 p., 4 p. of plates : _bill. (some col.) ; _c24 cm. + _e1 computer optical disc. |
||
| 505 | _aIntroduction to Image processing System (Page-1), 2D Signals and Systems (Page-47), Convolution and Correlation (Page-84), Image Transforms (Page-152), Image Enhancement (Page-243), Image Restoration and Denoising (Page-324), Image Segmentation (Page-368), Object Recognition (Page-408), Image Compression (Page-444), Binary Image Processing (Page-543), Colour Image Processing (Page-584), Wavelet based Image Processing (Page-611), An Introduction to Video Processing Available on the website (Page-673) | ||
| 650 | 0 |
_aImage processing _xDigital techniques. _9673 |
|
| 651 |
_a(Include CD) _98953 |
||
| 700 | 1 |
_aEsakkirajan, S. _4aut _9102634 |
|
| 700 | 1 |
_aVeerakumar, T. _4aut _9102635 |
|
| 942 |
_2ddc _cBK |
||
| 999 |
_c189549 _d189549 |
||